Le onze des plus gros flop de L'OM depuis 2015 - Statistiques

Statistiques générales
  • Ce quiz a été pris 219 fois
  • Le résultat moyen est 9 sur 18
Statistiques - réponses
Poste Année au club Nombre de match Nationalité Joueur % Correct
BU 2017 - 2021 50 Grèce Kóstas Mítroglou
95%
BU 2017 - 2021 159 France Valère Germain
90%
BU 2023 - 2024 43 Portugal Vitinha
81%
MC 2018 - 2023 78 Pays-Bas Kevin Strootman
74%
BU 2022 - 2023 11 Colombie Luis Suárez
63%
DC 2017 - 2019 14 Tunisie Aymen Abdennour
60%
DG 2020 - 2021 29 Japon Yūto Nagatomo
59%
DC 2014 - 2018 33 Brésil Dória
57%
BU 2016 18 Écosse Steven Fletcher
55%
DD 2016 - 2019 20 Slovaquie Tomáš Hubočan
53%
BU 2023 - 2024 19 Argentine Joaquín Correa
50%
MC 2024 13 Cameroun Jean Onana
35%
MC 2021 6 Cameroun Olivier Ntcham
24%
MC 2020 - 2021 30 France Michael Cuisance
22%
MC 2017 - 2020 25 France Grégory Sertic
19%
DC - MC 2014 - 2017 2 Nouvelle-Zélande Bill Tuiloma
17%
DC 2014 - 2018 1 Arménie Gaël Andonian
17%
G 2018 - 2019 1 France Florian Escales
14%
Aucun quiz correspondant
Distribution des résultats
% des personnes avec chaque résultat
Percentile par nombre de réponses
Votre historique - résultats
Vous n’avez pas pris ce quiz